[Event "Mezinarodni sachovy festival Plzen 2024"]
[Site "?"]
[Date "2024.09.13"]
[Round "5.9"]
[White "Macho, Michal"]
[Black "Chudek, Lubomir"]
[Result "1/2-1/2"]
[WhiteElo "1622"]
[BlackElo "1856"]
[PlyCount "68"]

1. c4 Nf6 2. g3 g6 3. Nf3 Bg7 4. Bg2 O-O 5. O-O Nc6 6. d4 e6 7. Nc3 d5 8. Bf4
a6 9. Ne5 Ne7 10. c5 Bd7 11. b4 Nh5 12. Qd2 Nxf4 13. Qxf4 Nc6 14. Nxc6 bxc6 15.
a4 e5 16. dxe5 Re8 17. Qd2 Bxe5 18. Rab1 Bf5 19. Rb3 Qf6 20. b5 axb5 21. axb5
Rab8 22. Rc1 Bxc3 23. Rcxc3 Rxb5 24. Rxb5 cxb5 25. Rc1 c6 26. e3 Ra8 27. h3 Ra4
28. Qd1 Qb2 29. g4 Ra2 30. Qe1 Bd3 31. Rd1 Bc4 32. e4 Bb3 33. Rb1 Qa3 34. exd5
Bxd5 1/2-1/2

[Event "Mezinarodni sachovy festival Plzen 2024"]
[Site "?"]
[Date "2024.09.13"]
[Round "5.10"]
[White "Stepanek, Vit"]
[Black "Zemen, Jiri"]
[Result "1/2-1/2"]
[WhiteElo "1725"]
[BlackElo "1861"]
[PlyCount "37"]

1. d4 d5 2. Bf4 Bf5 3. e3 Nf6 4. Nf3 e6 5. c3 Bd6 6. Bxd6 cxd6 7. Qb3 Qc7 8.
Nbd2 O-O 9. Nh4 Be4 10. f3 Bg6 11. Nxg6 fxg6 12. Bd3 Nc6 13. O-O Kh8 14. Rac1
Na5 15. Qa4 a6 16. c4 Nxc4 17. Bxc4 dxc4 18. Qxc4 Qd7 19. Qc7 1/2-1/2

[Event "Mezinarodni sachovy festival Plzen 2024"]
[Site "?"]
[Date "2024.09.13"]
[Round "5.11"]
[White "Jezek, Jakub"]
[Black "Zdrahal, Vaclav"]
[Result "1-0"]
[WhiteElo "1743"]
[BlackElo "1854"]
[PlyCount "53"]

1. d4 d5 2. c4 e6 3. Nf3 Nf6 4. g3 Be7 5. Bg2 O-O 6. O-O Nc6 7. Nc3 dxc4 8. Bf4
Nd5 9. e4 Nxf4 10. gxf4 Bb4 11. Kh1 Qf6 12. Ne2 b5 13. e5 Qh6 14. a4 bxa4 15.
Qxa4 Bd7 16. Nfg1 Nxe5 17. Qxb4 Rab8 18. Qc5 Rb5 19. Qxc7 Rc8 20. Qxa7 Ng4 21.
h3 Nf6 22. Ra2 g5 23. fxg5 Rxg5 24. Ng3 Qg6 25. Nf3 Rxg3 26. fxg3 Qxg3 27. Ne5
1-0

[Event "Mezinarodni sachovy festival Plzen 2024"]
[Site "?"]
[Date "2024.09.13"]
[Round "5.12"]
[White "Holecek, Jan"]
[Black "Roubik, Vit"]
[Result "1-0"]
[WhiteElo "1744"]
[BlackElo "1824"]
[PlyCount "55"]

1. c4 c5 2. Nf3 Nc6 3. d4 cxd4 4. Nxd4 Nf6 5. Nc3 d6 6. e4 Nxd4 7. Qxd4 g6 8.
Be2 Bg7 9. Be3 O-O 10. Qd2 Be6 11. Rc1 a6 12. O-O Rc8 13. b3 Bd7 14. Rfd1 Bc6
15. f3 Nd7 16. Nd5 Bxd5 17. cxd5 b5 18. Rc2 Rxc2 19. Qxc2 Qb8 20. Rc1 Nb6 21.
Qc7 Rc8 22. Qxb8 Rxb8 23. Rc6 Nd7 24. Rxa6 Kf8 25. Ra5 b4 26. Bb5 Nc5 27. Bc6
e6 28. Kf1 1-0

[Event "Mezinarodni sachovy festival Plzen 2024"]
[Site "?"]
[Date "2024.09.13"]
[Round "5.13"]
[White "Krivka, Jan"]
[Black "Matejka, Matyas"]
[Result "1/2-1/2"]
[WhiteElo "1774"]
[BlackElo "1573"]
[Annotator "VHR"]
[PlyCount "74"]
[EventDate "2024.??.??"]

{[%evp 0,74,28,31,18,19,18,12,11,15,24,-7,42,23,34,-15,56,-2,60,-28,28,37,103,
107,82,105,100,89,89,89,120,114,129,58,112,112,112,107,105,107,106,106,99,56,
56,56,98,92,85,108,118,88,62,75,64,58,69,37,92,65,94,86,101,101,101,97,97,87,0,
0,8,0,0,0,0,0,0]} 1. e4 e5 2. Nc3 Nc6 3. Bc4 Nf6 4. d3 h6 5. f4 exf4 6. Bxf4
Bb4 7. e5 Qe7 8. Nf3 O-O 9. Qe2 Re8 10. O-O d6 11. exf6 Qxe2 12. Nxe2 Rxe2 13.
c3 Ba5 14. Rae1 Rxe1 15. Rxe1 Bg4 16. Bd5 Bxf3 17. Bxf3 g5 18. Bg3 Bb6+ 19. Kf1
Kf8 20. b4 Re8 21. Bg4 Rxe1+ 22. Kxe1 Nd8 23. d4 a5 24. a3 Ne6 25. d5 Nf4 26.
Bxf4 gxf4 27. Bc8 axb4 28. axb4 c5 29. b5 Ba5 30. Kd2 b6 31. Kd3 Kg8 32. h3 h5
33. Bd7 Kh7 34. Bf5+ Kh6 35. h4 f3 36. gxf3 c4+ 37. Kxc4 Bxc3 1/2-1/2

[Event "Mezinarodni sachovy festival Plzen 2024"]
[Site "?"]
[Date "2024.09.13"]
[Round "5.14"]
[White "Trejbal, Jan"]
[Black "Brotanek, Tomas"]
[Result "1-0"]
[WhiteElo "1666"]
[BlackElo "1710"]
[PlyCount "75"]

1. Nf3 d5 2. g3 Nf6 3. Bg2 c5 4. O-O Nc6 5. d3 e5 6. c4 d4 7. e4 Be7 8. Qb3 h5
9. Bg5 Ng4 10. Bxe7 Qxe7 11. Nbd2 b6 12. Nh4 g5 13. Nf5 Qf6 14. Rfe1 Na5 15.
Qa3 h4 16. Nf3 hxg3 17. hxg3 Bxf5 18. exf5 Qxf5 19. Qa4+ Kf8 20. Qc2 Rc8 21.
Qd2 f6 22. b4 cxb4 23. Qxb4+ Rc5 24. Qa3 Kf7 25. Re2 Qd7 26. Rae1 Qc7 27. Nd2
f5 28. Nb3 Nxb3 29. axb3 Ra5 30. Qc1 Qc5 31. Qxg5 e4 32. dxe4 d3 33. Rd2 Nxf2
34. Rxf2 Ra2 35. Qxf5+ Qxf5 36. exf5 d2 37. Rd1 Rd8 38. Bd5+ 1-0

[Event "Mezinarodni sachovy festival Plzen 2024"]
[Site "?"]
[Date "2024.09.14"]
[Round "6.1"]
[White "Novotny, David"]
[Black "Mametev, Artem"]
[Result "1/2-1/2"]
[WhiteElo "1967"]
[BlackElo "2155"]
[PlyCount "80"]

1. c4 Nf6 2. g3 g6 3. Bg2 Bg7 4. Nc3 O-O 5. d4 d6 6. h3 c5 7. e3 Nc6 8. Nge2
Rb8 9. O-O Bd7 10. b3 a6 11. d5 Na5 12. Bb2 b5 13. cxb5 axb5 14. Rc1 b4 15. Nb1
Qc8 16. g4 Qa6 17. g5 Nh5 18. Bxg7 Nxg7 19. Nd2 Bb5 20. Re1 Rfc8 21. Bf1 Ra8
22. Rc2 Qb7 23. Nf4 Nf5 24. Bxb5 Qxb5 25. Qe2 Qxe2 26. Nxe2 Kf8 27. Rec1 Rc7
28. e4 Ng7 29. Nf4 Rca7 30. Kf1 Nb7 31. Ra1 Ra3 32. Rb2 R3a6 33. Ke2 Ne8 34.
Kd3 Nc7 35. Nc4 Nb5 36. Ne2 Kg7 37. h4 Na5 38. Ne3 Nb7 39. h5 gxh5 40. Nf5+ Kf8
1/2-1/2

[Event "Mezinarodni sachovy festival Plzen 2024"]
[Site "?"]
[Date "2024.09.14"]
[Round "6.2"]
[White "Silhanek, Martin"]
[Black "Vilimek, Vit"]
[Result "1/2-1/2"]
[WhiteElo "1863"]
[BlackElo "2203"]
[PlyCount "185"]

1. Nf3 Nf6 2. c4 g6 3. b3 Bg7 4. Bb2 O-O 5. e3 c5 6. g3 Nc6 7. Bg2 d6 8. O-O
Bd7 9. d3 Qc8 10. Nc3 Bh3 11. Qe2 a6 12. a3 Rb8 13. Nd5 Nxd5 14. cxd5 Bxg2 15.
Kxg2 Ne5 16. Nd2 b5 17. Rab1 Qb7 18. e4 e6 19. f4 Nd7 20. Bxg7 Kxg7 21. dxe6
fxe6 22. Kg1 e5 23. f5 d5 24. g4 Qb6 25. Kh1 g5 26. exd5 Qd6 27. Qf3 h6 28. Ne4
Qxd5 29. Nxg5 Qxf3+ 30. Nxf3 h5 31. h3 Kf6 32. Nd2 hxg4 33. Ne4+ Ke7 34. hxg4
Rh8+ 35. Kg2 Rbg8 36. Kg3 Nf6 37. Nxf6 Kxf6 38. Rh1 Rd8 39. Rxh8 Rxh8 40. Re1
Rd8 41. Re3 Kg5 42. Rf3 Kf6 43. g5+ Kxg5 44. f6 Rf8 45. f7 a5 46. Kf2 Kg6 47.
Ke3 Rxf7 48. Rg3+ Kf5 49. Rg8 Ke6 50. Ra8 Rh7 51. Rxa5 Kd5 52. Rxb5 Rh3+ 53.
Ke2 Kd4 54. Rb8 Re3+ 55. Kf2 Rxd3 56. Rd8+ Ke4 57. Rc8 Rxb3 58. Rxc5 Rb2+ 59.
Ke1 Kd4 60. Rc8 e4 61. Kd1 Kd3 62. Rd8+ Ke3 63. Rh8 Rb1+ 64. Kc2 Rf1 65. Re8
Rg1 66. a4 Ra1 67. Kb3 Kd3 68. Rd8+ Ke2 69. Re8 e3 70. Kb4 Kd3 71. Rd8+ Kc2 72.
Re8 Kd2 73. Rd8+ Ke1 74. Re8 e2 75. a5 Kd2 76. Kb5 Ra3 77. Rxe2+ Kxe2 78. a6
Kd3 79. Kb6 Rb3+ 80. Kc7 Rc3+ 81. Kb7 Rb3+ 82. Kc7 Ra3 83. Kb7 Kc4 84. a7 Rb3+
85. Ka8 Kb5 86. Kb7 Kc5+ 87. Kc7 Ra3 88. Kb7 Rb3+ 89. Kc7 Rh3 90. a8=Q Rh7+ 91.
Kc8 Rh8+ 92. Kb7 Rxa8 93. Kxa8 1/2-1/2

[Event "Mezinarodni sachovy festival Plzen 2024"]
[Site "?"]
[Date "2024.09.14"]
[Round "6.3"]
[White "Olejnik, Artur"]
[Black "Hodan, Jiri"]
[Result "1-0"]
[WhiteElo "1703"]
[BlackElo "1903"]
[PlyCount "145"]

1. d4 d5 2. c4 c6 3. e3 Nf6 4. Nc3 e6 5. Nf3 Nbd7 6. Bd3 dxc4 7. Bxc4 b5 8. Bd3
Bb7 9. O-O a6 10. a3 b4 11. axb4 Bxb4 12. Bd2 c5 13. Qe2 a5 14. Nb5 Bxf3 15.
gxf3 Bxd2 16. Qxd2 cxd4 17. Nxd4 Ne5 18. Bb5+ Ke7 19. Qc3 Nd5 20. Qa3+ Qd6 21.
f4 Qxa3 22. Rxa3 Ng6 23. Rfa1 Rhc8 24. Rxa5 Rxa5 25. Rxa5 Rc7 26. b3 Nf8 27.
Bc4 Nb6 28. Bb5 Nd5 29. Ra8 Nd7 30. Bxd7 Kxd7 31. Rh8 Nf6 32. Rb8 Nd5 33. Kg2
g6 34. Kg3 Ra7 35. Rh8 h5 36. Rh7 Ke8 37. Nxe6 Ke7 38. Nd4 Ra8 39. Nc6+ Kd6 40.
Ne5 f6 41. Nc4+ Ke6 42. Rb7 Rc8 43. Nb6 Nxb6 44. Rxb6+ Kf7 45. b4 Rc1 46. Kg2
Rb1 47. b5 Rb2 48. Rb8 Kg7 49. b6 Kf7 50. h4 Rb3 51. Kf3 Rb4 52. b7 Kg7 53. Ke2
Rb3 54. Kd2 Rb4 55. e4 g5 56. hxg5 fxg5 57. fxg5 h4 58. Ke2 Rxe4+ 59. Kf3 Rb4
60. Kg2 Rb2 61. Kh3 Rb4 62. f4 Rb1 63. Kxh4 Kf7 64. Kg4 Kg7 65. Kf5 Rb5+ 66.
Ke6 Rb6+ 67. Kd5 Rb1 68. f5 Rd1+ 69. Kc4 Rc1+ 70. Kd3 Rb1 71. f6+ Kh7 72. Re8
Kg6 73. b8=Q 1-0

[Event "Mezinarodni sachovy festival Plzen 2024"]
[Site "?"]
[Date "2024.09.14"]
[Round "6.4"]
[White "Toman, Jan"]
[Black "Koper, Stefan"]
[Result "0-1"]
[WhiteElo "1977"]
[BlackElo "1797"]
[Annotator "VHR"]
[PlyCount "82"]
[EventDate "2024.??.??"]

{[%evp 0,38,16,28,75,85,77,77,77,68,74,60,39,40,77,83,71,57,53,39,55,39,37,21,
55,38,37,52,50,37,12,-12,-9,-178,-231,-249,-200,-174,-197,-376,-309]} 1. e4 d6
2. d4 g6 3. Nc3 Bg7 4. Be3 Nc6 5. Qd2 e5 6. Nf3 Bg4 7. d5 Nce7 8. h3 Bd7 9. g4
a6 10. Rg1 h5 11. g5 b5 12. Nh4 b4 13. Ne2 a5 14. Ng3 Qb8 15. Bd3 a4 16. Ngf5
gxf5 17. Nxf5 Bf8 18. f4 Ng6 19. Nd4 exf4 20. Bxf4 Bg7 21. e5 N8e7 22. Bxg6
Nxg6 23. e6 fxe6 24. dxe6 O-O 25. exd7 Rxf4 26. Nc6 Re4+ 27. Kd1 Qb5 28. Na7
Qb7 29. Nc8 Rxc8 30. dxc8=Q+ Qxc8 31. Qd5+ Qe6 32. Qxe6+ Rxe6 33. Rb1 Re3 34.
Re1 Rxh3 35. c3 bxc3 36. bxc3 Rxc3 37. Rb8+ Kh7 38. Ree8 h4 39. Ke1 h3 40. Re2
Be5 41. Kd2 Ra3 0-1

[Event "Mezinarodni sachovy festival Plzen 2024"]
[Site "?"]
[Date "2024.09.14"]
[Round "6.5"]
[White "Seterle, Matej"]
[Black "Hodl, Vojtech"]
[Result "1-0"]
[WhiteElo "1930"]
[BlackElo "1700"]
[PlyCount "67"]

1. d3 e5 2. c3 d5 3. Nf3 Nc6 4. Qa4 Bd6 5. e4 Nf6 6. Nbd2 O-O 7. Be2 h6 8. O-O
Be6 9. b4 a5 10. b5 Ne7 11. Bb2 Nd7 12. d4 c5 13. c4 dxe4 14. Nxe4 Nb6 15. Qa3
exd4 16. Nxd6 Qxd6 17. Bxd4 Nd7 18. Rad1 Qc7 19. Bb2 Rfd8 20. Qe3 Nf5 21. Qe4
b6 22. Nh4 Nd6 23. Qe3 Nxc4 24. Bxc4 Bxc4 25. Qc3 Qe5 26. Qc2 Qe2 27. Qc3 Nf6
28. Rc1 Bxb5 29. Nf5 Rd3 30. Qe5 Qxe5 31. Bxe5 Rd5 32. Ne7+ Kf8 33. Nxd5 Bxf1
34. Bxf6 1-0

[Event "Mezinarodni sachovy festival Plzen 2024"]
[Site "?"]
[Date "2024.09.14"]
[Round "6.6"]
[White "Hrdlica, Pavel"]
[Black "Skoda, Jiri"]
[Result "0-1"]
[WhiteElo "1949"]
[BlackElo "1837"]
[PlyCount "76"]

1. d4 d5 2. c4 e6 3. Nf3 Nf6 4. Nc3 b6 5. cxd5 exd5 6. Bg5 Be7 7. Ne5 Bb7 8. e3
O-O 9. Bd3 Nbd7 10. Bf4 c5 11. O-O a6 12. Re1 c4 13. Bc2 b5 14. a3 Re8 15. Qf3
Nf8 16. g4 b4 17. axb4 Bxb4 18. Reb1 Ne4 19. Nxe4 dxe4 20. Qe2 a5 21. Qxc4 Rxe5
22. Bxe5 Ba6 23. Qc6 Bd3 24. Bxd3 exd3 25. Rc1 d2 26. Rc4 h5 27. gxh5 Nd7 28.
Bg3 Nb6 29. Rxb4 axb4 30. Rd1 Rc8 31. Qf3 Rc1 32. Kg2 Rxd1 33. Qxd1 Qa8+ 34. f3
Nc4 35. Kf2 b3 36. Qxb3 Nxb2 37. Qxb2 d1=Q 38. h3 Qaxf3# 0-1

[Event "Mezinarodni sachovy festival Plzen 2024"]
[Site "?"]
[Date "2024.09.14"]
[Round "6.7"]
[White "Vlk, Miloslav"]
[Black "Holecek, Jan"]
[Result "1-0"]
[WhiteElo "1873"]
[BlackElo "1744"]
[PlyCount "117"]

1. c4 g6 2. Nc3 Bg7 3. g3 Nf6 4. Bg2 O-O 5. Nf3 d6 6. O-O e5 7. d4 Nc6 8. b3 a6
9. Bb2 Rb8 10. e3 h6 11. Qe2 Re8 12. dxe5 Nxe5 13. Nxe5 Rxe5 14. Rfd1 b6 15.
Rd2 Re8 16. Rad1 Bb7 17. Bxb7 Rxb7 18. f3 Qa8 19. e4 Rbb8 20. Qf2 Re6 21. Nd5
Qb7 22. Kg2 Rbe8 23. Re1 Nxd5 24. cxd5 R6e7 25. Bxg7 Kxg7 26. Rc1 Qc8 27. Qd4+
f6 28. Rdc2 Qb7 29. Rc6 Rd7 30. h4 Rf8 31. f4 Rff7 32. e5 fxe5 33. fxe5 dxe5
34. Qxe5+ Kh7 35. Qe6 Rg7 36. h5 gxh5 37. Qxh6+ Kg8 38. Qe6+ Rgf7 39. Rf1 Qb8
40. Qg6+ Rg7 41. Qe6+ Rgf7 42. Rf5 Qd8 43. Rxh5 Rd6 44. Rxd6 Qxd6 45. Qxd6 cxd6
46. Rh6 Rd7 47. g4 a5 48. Kf3 b5 49. Ke4 a4 50. Kf5 Kg7 51. g5 axb3 52. axb3 b4
53. Ke6 Ra7 54. Rh4 Ra6 55. Rxb4 Kg6 56. Rg4 Kh5 57. Rg3 Kg6 58. Kd7 Rb6 59.
Kc7 1-0

[Event "Mezinarodni sachovy festival Plzen 2024"]
[Site "?"]
[Date "2024.09.14"]
[Round "6.9"]
[White "Jezek, Jakub"]
[Black "Stepanek, Vit"]
[Result "1-0"]
[WhiteElo "1743"]
[BlackElo "1725"]
[PlyCount "77"]

1. d4 Nf6 2. c4 g6 3. Nc3 Bg7 4. e4 d6 5. f4 O-O 6. Nf3 Bg4 7. Be2 c5 8. d5
Nbd7 9. O-O Qc7 10. h3 Bxf3 11. Bxf3 a6 12. a4 b6 13. Re1 Rab8 14. Be3 Rfd8 15.
Bf2 Bh6 16. Bg3 Ne8 17. e5 dxe5 18. fxe5 Nf8 19. Bh2 e6 20. d6 Qc8 21. Qe2 Ng7
22. g4 Nd7 23. Ne4 Rf8 24. g5 Bxg5 25. Nxg5 Qd8 26. Ne4 Nf5 27. Qf2 Nd4 28. Rf1
b5 29. cxb5 axb5 30. a5 Nb3 31. Ra3 c4 32. a6 Nb6 33. Nf6+ Kg7 34. a7 Rc8 35.
d7 Nxd7 36. a8=Q Rxa8 37. Rxa8 Qc7 38. Rxf8 Nxf8 39. Ne8+ 1-0

[Event "Mezinarodni sachovy festival Plzen 2024"]
[Site "?"]
[Date "2024.09.14"]
[Round "6.10"]
[White "Krivka, Matej"]
[Black "Chudek, Lubomir"]
[Result "0-1"]
[WhiteElo "1917"]
[BlackElo "1856"]
[PlyCount "108"]

1. e4 c5 2. Nc3 Nc6 3. Bb5 g6 4. Bxc6 dxc6 5. f4 Bg7 6. Nf3 Nf6 7. O-O O-O 8.
d3 b6 9. Qe1 e6 10. a4 Qc7 11. Qh4 Qd8 12. f5 Nd7 13. Qg3 exf5 14. Bg5 f6 15.
Bf4 Ne5 16. Nxe5 Qd4+ 17. Be3 Qxe5 18. Qf2 fxe4 19. Nxe4 Bd7 20. c3 f5 21. Nd2
Rae8 22. Nc4 Qd5 23. Bf4 Qxd3 24. Ne3 Bc8 25. a5 Ba6 26. Rfe1 Qb5 27. axb6 Qxb6
28. Ra3 Bd3 29. Rea1 Rf7 30. Qd2 Rd8 31. Rd1 Bf6 32. c4 Be4 33. Qe2 g5 34. Bg3
f4 35. Rxd8+ Qxd8 36. Ng4 fxg3 37. Nh6+ Kg7 38. Nxf7 Kxf7 39. Rxa7+ Kg8 40.
hxg3 Qd4+ 41. Kh2 Qd3 42. Qf2 Qd4 43. Qe2 Qd3 44. Qf2 Qc2 45. Qf1 Qxb2 46. Rd7
h5 47. Ra7 h4 48. gxh4 gxh4 49. Rd7 Qe5+ 50. Kg1 h3 51. Qe2 Qf5 52. Ra7 hxg2
53. Ra8+ Kg7 54. Ra7+ Kg6 0-1

[Event "Mezinarodni sachovy festival Plzen 2024"]
[Site "?"]
[Date "2024.09.14"]
[Round "6.11"]
[White "Zemen, Jiri"]
[Black "Macho, Miloslav"]
[Result "1/2-1/2"]
[WhiteElo "1861"]
[BlackElo "1846"]
[PlyCount "107"]

1. e4 Nf6 2. Nc3 e5 3. Nf3 Nc6 4. d4 exd4 5. Nxd4 Nxe4 6. Nxe4 Qe7 7. f3 d5 8.
Nxc6 bxc6 9. Qe2 dxe4 10. Qxe4 Bf5 11. Qxe7+ Bxe7 12. Bf4 Bb4+ 13. c3 Ba5 14.
O-O-O O-O 15. Bd3 Bxd3 16. Rxd3 Rfd8 17. Rhd1 Rxd3 18. Rxd3 Kf8 19. Re3 Re8 20.
Kc2 Bb6 21. Rxe8+ Kxe8 22. c4 Kd7 23. Kd3 c5 24. Ke4 Ke6 25. g4 g6 26. Bd2 f6
27. Be3 c6 28. h3 Kd6 29. Bf2 Ke6 30. a4 Kd6 31. f4 Bd8 32. Bg3 Ke6 33. f5+ Kf7
34. h4 Be7 35. Bf2 a6 36. Be3 Bd6 37. fxg6+ hxg6 38. Bf4 Be7 39. Be3 Ke6 40. h5
f5+ 41. gxf5+ gxf5+ 42. Kf4 Bf6 43. Bxc5 Bxb2 44. h6 Bc1+ 45. Be3 Bb2 46. h7
Bf6 47. Bf2 Be5+ 48. Kg5 Bf6+ 49. Kg6 f4 50. Bh4 Bh8 51. Be1 f3 52. Kg5 Kd6 53.
Bb4+ Ke6 54. Be1 1/2-1/2

[Event "Mezinarodni sachovy festival Plzen 2024"]
[Site "?"]
[Date "2024.09.14"]
[Round "6.12"]
[White "Zdrahal, Vaclav"]
[Black "Krivka, Jan"]
[Result "1-0"]
[WhiteElo "1854"]
[BlackElo "1774"]
[PlyCount "157"]

1. e4 c5 2. Nf3 e6 3. d4 cxd4 4. Nxd4 a6 5. Be2 b5 6. O-O Bb7 7. Bf3 Nc6 8. a4
bxa4 9. Rxa4 Qc7 10. Nc3 Nf6 11. Re1 d6 12. Rc4 Rd8 13. Nd5 Qd7 14. Nb6 Qc7 15.
Nd5 Qd7 16. Nxf6+ gxf6 17. Nxc6 Bxc6 18. Qd4 Bg7 19. Qb6 Rc8 20. Qxa6 Bb7 21.
Rxc8+ Bxc8 22. Qb6 O-O 23. Rd1 Rd8 24. Bf4 e5 25. Be3 Bf8 26. h3 Qe8 27. c4 Rd7
28. Qb5 Qe7 29. Qa5 Rc7 30. b3 Bb7 31. Bb6 Rc8 32. Qe1 f5 33. Qe3 fxe4 34. Bxe4
Bxe4 35. Qxe4 Rb8 36. Qg4+ Kh8 37. Be3 Rxb3 38. Bg5 f6 39. Bh4 Rb8 40. c5 Rd8
41. Qf5 Bg7 42. c6 Rf8 43. Qd7 Qxd7 44. cxd7 Rd8 45. Rxd6 Kg8 46. Bxf6 Bxf6 47.
Rxf6 Rxd7 48. Re6 Rd5 49. f3 Kf7 50. Ra6 Rb5 51. Kf2 Rb2+ 52. Kg3 Rb4 53. Rh6
Kg7 54. Rh5 Rb5 55. Kg4 Rb2 56. g3 Rb4+ 57. Kf5 Rb3 58. Ke4 Rb4+ 59. Kd5 Rb3
60. Rf5 Kg6 61. g4 Rb5+ 62. Ke4 Rb4+ 63. Kxe5 Rb5+ 64. Kf4 Rb6 65. Kg3 Rb3 66.
h4 h6 67. Ra5 Rc3 68. Ra6+ Kg7 69. g5 hxg5 70. hxg5 Rc1 71. Kg4 Rc5 72. f4 Rb5
73. Ra7+ Kg8 74. f5 Rb4+ 75. Kh5 Rb1 76. Kg6 Rb6+ 77. f6 Rb8 78. Rg7+ Kh8 79.
Rh7+ 1-0

[Event "Mezinarodni sachovy festival Plzen 2024"]
[Site "?"]
[Date "2024.09.14"]
[Round "6.13"]
[White "Matejka, Matyas"]
[Black "Trejbal, Jan"]
[Result "0-1"]
[WhiteElo "1573"]
[BlackElo "1666"]
[PlyCount "118"]

1. e4 c5 2. Nf3 d6 3. d4 cxd4 4. Nxd4 Nf6 5. Nc3 a6 6. h3 e6 7. Bc4 Qc7 8. Bb3
Nc6 9. O-O Be7 10. Re1 O-O 11. Be3 b5 12. a3 Na5 13. Ba2 Nc4 14. Bxc4 Qxc4 15.
Qd2 Bb7 16. Bg5 Qc7 17. Nf3 Rfd8 18. Qe2 Rac8 19. Rad1 d5 20. Bxf6 Bxf6 21. e5
Be7 22. Rd4 Qb6 23. Qd2 Rc4 24. Ne2 Bc5 25. c3 Bxd4 26. Nexd4 a5 27. Qg5 b4 28.
cxb4 axb4 29. Nb5 Rf8 30. Nd6 Rc2 31. Kh1 d4 32. Nxb7 Qxb7 33. Nxd4 Rxb2 34.
axb4 Qxb4 35. Qe3 Rb1 36. Rxb1 Qxb1+ 37. Kh2 Qb6 38. Qf4 Ra8 39. Qf3 Rc8 40.
Ne2 h6 41. Ng3 Qb2 42. Qf4 Rc2 43. Ne4 Kf8 44. Qg3 Qd4 45. f3 Rc1 46. h4 Qg1+
47. Kh3 Rc2 48. Qh2 Qxh2+ 49. Kxh2 Ke7 50. Kh3 Ra2 51. h5 Ra5 52. g4 Rxe5 53.
Kg3 f5 54. Nf2 Ra5 55. Nd3 Kf6 56. Kh4 Ra3 57. Ne1 Re3 58. Nc2 Rxf3 59. Nd4 Rf4
0-1

[Event "Mezinarodni sachovy festival Plzen 2024"]
[Site "?"]
[Date "2024.09.15"]
[Round "7.1"]
[White "Mametev, Artem"]
[Black "Olejnik, Artur"]
[Result "1/2-1/2"]
[WhiteElo "2155"]
[BlackElo "1703"]
[PlyCount "26"]

1. e4 e5 2. Nf3 Nf6 3. Nxe5 d6 4. Nf3 Nxe4 5. Nc3 Nxc3 6. dxc3 Be7 7. Be3 Be6
8. Qd2 Nc6 9. O-O-O Qd7 10. Kb1 a6 11. Nd4 Nxd4 12. Bxd4 Rg8 13. Bd3 g6 1/2-1/2

[Event "Mezinarodni sachovy festival Plzen 2024"]
[Site "?"]
[Date "2024.09.15"]
[Round "7.2"]
[White "Vilimek, Vit"]
[Black "Seterle, Matej"]
[Result "1-0"]
[WhiteElo "2203"]
[BlackElo "1930"]
[PlyCount "113"]

1. e4 d6 2. d4 Nf6 3. Nc3 c6 4. h3 Qa5 5. Bd2 Qb6 6. Nge2 e5 7. Be3 Qa5 8. Qd3
b5 9. g4 b4 10. Nb1 Ba6 11. c4 bxc3 12. Qxc3 Qxc3+ 13. Nbxc3 Nbd7 14. Bg2 Rb8
15. O-O-O Nb6 16. b3 Nfd7 17. Ng3 g6 18. h4 c5 19. dxc5 dxc5 20. Nd5 Nxd5 21.
Rxd5 Bb7 22. Rd2 c4 23. Rhd1 Nc5 24. bxc4 Na4 25. Kc2 Ba6 26. Rb1 Rc8 27. Bf1
Bxc4 28. Bxc4 Rxc4+ 29. Kd3 Rc3+ 30. Ke2 Rc8 31. Rb7 Bc5 32. Bh6 Bd4 33. Bg7
Rg8 34. Bf6 Nc5 35. Rc2 Rc6 36. Rb8+ Kd7 37. Rxg8 Rxf6 38. f3 Ne6 39. Rb8 Bb6
40. Rb7+ Kd8 41. Rc3 Nd4+ 42. Kd1 Nxf3 43. Nf5 Nd4 44. g5 Re6 45. Nh6 Nc6 46.
Rxf7 Rd6+ 47. Ke2 Nd4+ 48. Kf1 Rd7 49. Rf8+ Ke7 50. Rcc8 Ne6 51. Rce8+ Kd6 52.
Nf7+ Kc7 53. Rxe6 Bc5 54. Rc6+ Kxc6 55. Nxe5+ Kc7 56. Nxd7 Kxd7 57. Rh8 1-0

[Event "Mezinarodni sachovy festival Plzen 2024"]
[Site "?"]
[Date "2024.09.15"]
[Round "7.4"]
[White "Skoda, Jiri"]
[Black "Silhanek, Martin"]
[Result "1-0"]
[WhiteElo "1837"]
[BlackElo "1863"]
[PlyCount "77"]

1. e4 d6 2. Nf3 Nf6 3. Nc3 g6 4. Bc4 Bg7 5. d3 O-O 6. O-O c5 7. Bb3 Nc6 8. Ne2
Bg4 9. Nd2 h5 10. c3 b5 11. f3 Bd7 12. f4 c4 13. Bc2 cxd3 14. Bxd3 Qb6+ 15. Kh1
Ng4 16. Qe1 b4 17. Nc4 Qb7 18. h3 Nf6 19. f5 Ne5 20. Nxe5 dxe5 21. fxg6 fxg6
22. Qg3 Nxe4 23. Rxf8+ Rxf8 24. Qxg6 Nf2+ 25. Kh2 Nxd3 26. Qxd3 Bb5 27. c4 Bc6
28. Qg3 Kh7 29. Be3 Rf6 30. Qxe5 Bxg2 31. Qxh5+ Kg8 32. Rg1 Qe4 33. Qe8+ Kh7
34. Qh5+ Kg8 35. Bd4 e5 36. Qe8+ Kh7 37. Rxg2 Rh6 38. Qf7 Rxh3+ 39. Kxh3 1-0

[Event "Mezinarodni sachovy festival Plzen 2024"]
[Site "?"]
[Date "2024.09.15"]
[Round "7.5"]
[White "Hodan, Jiri"]
[Black "Macho, Michal"]
[Result "0-1"]
[WhiteElo "1622"]
[BlackElo "1903"]
[PlyCount "46"]

1. e4 d6 2. d4 g6 3. c4 Bg7 4. Nc3 Nf6 5. Nf3 O-O 6. b4 c5 7. bxc5 dxc5 8. e5
Ng4 9. dxc5 Qa5 10. Bd2 Qxc5 11. Ne4 Qc7 12. Rc1 Nxe5 13. Be2 Bf5 14. Nxe5 Bxe4
15. Nf3 Nc6 16. O-O Bb2 17. Bc3 Bxc1 18. Qxc1 Bxf3 19. Qh6 e5 20. Bxf3 Nd4 21.
Bd5 Ne2+ 22. Kh1 Nxc3 23. Qxg6+ hxg6 0-1

[Event "Mezinarodni sachovy festival Plzen 2024"]
[Site "?"]
[Date "2024.09.15"]
[Round "7.6"]
[White "Vlk, Miloslav"]
[Black "Jezek, Jakub"]
[Result "1-0"]
[WhiteElo "1873"]
[BlackElo "1743"]
[PlyCount "49"]

1. c4 e6 2. g3 d5 3. Bg2 Nf6 4. Nf3 Be7 5. O-O O-O 6. b3 c5 7. Bb2 Nc6 8. Na3
d4 9. d3 e5 10. Nc2 Ne8 11. a3 a5 12. e3 f5 13. exd4 cxd4 14. Re1 Qc7 15. b4
axb4 16. axb4 Rxa1 17. Bxa1 Bf6 18. b5 Ne7 19. Nb4 Qc5 20. Qb3 Nd6 21. Nd2 Be6
22. Bb2 Nxb5 23. Bxb7 Rb8 24. Na6 Qa7 25. Nxb8 1-0

[Event "Mezinarodni sachovy festival Plzen 2024"]
[Site "?"]
[Date "2024.09.15"]
[Round "7.8"]
[White "Chudek, Lubomir"]
[Black "Zemen, Jiri"]
[Result "1/2-1/2"]
[WhiteElo "1856"]
[BlackElo "1861"]
[PlyCount "32"]

1. e4 d5 2. exd5 Nf6 3. d4 Qxd5 4. Nc3 Qa5 5. Bd3 g6 6. Nge2 Bg7 7. O-O O-O 8.
Ne4 Nxe4 9. Bxe4 c6 10. c3 Nd7 11. Ng3 Nf6 12. Bf3 e5 13. dxe5 Qxe5 14. Re1 Qc7
15. Be3 Be6 16. Qc1 Rae8 1/2-1/2

[Event "Mezinarodni sachovy festival Plzen 2024"]
[Site "?"]
[Date "2024.09.15"]
[Round "7.9"]
[White "Macho, Miloslav"]
[Black "Hrdlica, Pavel"]
[Result "1/2-1/2"]
[WhiteElo "1846"]
[BlackElo "1949"]
[PlyCount "61"]

1. e4 e6 2. d3 d5 3. Nd2 c5 4. Be2 Nc6 5. Ngf3 a5 6. c3 Bd6 7. O-O a4 8. Re1
Nge7 9. exd5 exd5 10. d4 O-O 11. Nf1 cxd4 12. Nxd4 Nxd4 13. Qxd4 Nf5 14. Qd1
Bc5 15. Ng3 Nxg3 16. hxg3 Qb6 17. Rf1 Be6 18. Bd3 Rfd8 19. Qh5 g6 20. Qe5 Bf8
21. Be3 Qd6 22. Qxd6 Bxd6 23. Bd4 Bd7 24. Bf6 Re8 25. Rfe1 Re6 26. Bd4 Rae8 27.
Kf1 f6 28. Rxe6 Rxe6 29. Re1 Kf7 30. Rxe6 Kxe6 31. Ke2 1/2-1/2

[Event "Mezinarodni sachovy festival Plzen 2024"]
[Site "?"]
[Date "2024.09.15"]
[Round "7.10"]
[White "Roubik, Vit"]
[Black "Zdrahal, Vaclav"]
[Result "1/2-1/2"]
[WhiteElo "1854"]
[BlackElo "1824"]
[PlyCount "58"]

1. d4 d5 2. c4 e6 3. g3 b6 4. cxd5 exd5 5. Bg2 Nf6 6. Nf3 Bb4+ 7. Nc3 O-O 8.
O-O Bg4 9. h3 Bh5 10. Qb3 a5 11. a3 Bxc3 12. Qxc3 Re8 13. Re1 Ne4 14. Qd3 Bg6
15. Qd1 Nd7 16. Bf4 h6 17. Rc1 Rc8 18. Rc6 Re6 19. Rxe6 fxe6 20. Ne5 Nxe5 21.
Bxe5 c5 22. e3 Qf8 23. f4 Qf7 24. g4 Qd7 25. h4 Qb5 26. Qe2 c4 27. h5 Bh7 28.
g5 Bf5 29. gxh6 Qe8 1/2-1/2

[Event "Mezinarodni sachovy festival Plzen 2024"]
[Site "?"]
[Date "2024.09.15"]
[Round "7.11"]
[White "Trejbal, Jan"]
[Black "Krivka, Matej"]
[Result "1/2-1/2"]
[WhiteElo "1666"]
[BlackElo "1917"]
[PlyCount "21"]

1. Nf3 Nf6 2. g3 g6 3. Bg2 Bg7 4. O-O O-O 5. c4 d6 6. Nc3 Nbd7 7. d3 e5 8. Bg5
h6 9. Bd2 c6 10. Rb1 Ne8 11. Nh4 1/2-1/2